Direito penal do emaranhado

Detalles Bibliográficos
Autor principal: Paraguassu Correia da Silva, Monica
Formato: eBook
Lenguaje:portugués
Publicado: Rio de Janeiro: Editora Processo, 2019
Materias:
Acceso en línea:Acceso restringido

MARC

LEADER 00000nam a22000007a 4500
005 20220720223845.0
007 cr|||| ||||
008 220720s2019 br |||||s|||| 00||0 por d
020 |a 978-85-93741-51-7 
035 |a 36772 
040 |a vLex 
090 |c 13638  |d 13638 
100 1 |a Paraguassu Correia da Silva, Monica 
245 1 0 |a Direito penal do emaranhado  |h [Recurso electrn̤ico] /  |c Monica Paraguassu Correia da Silva 
256 |a Servicio en ln̕ea 
260 |a Rio de Janeiro:  |b Editora Processo,  |c 2019 
300 |a 1 recurso electrn̤ico 
500 |a A educaȯ̂ total institucional prisional, ironicamente, sem a promoȯ̂ e o progresso do indivd̕uo com edificaȯ̂ de valores, sem prepar-̀lo para ser um membro capacitado ̉produȯ̂, e evidentemente, tambm̌ ao consumo, e mais, sem a conduȯ̂ da experin̊cia mental do conhecimento, ,̌ entô, int︢il, esvaziada de sentido e 'esvaziadora' de sentido. Trata-se, portanto, de uma pedagogia de negaȯ̂ do espaȯ pb︢lico pela nô realizaȯ̂ do respeito ̉autoridade e ̉hierarquia legitimamente constitud̕as, de negaȯ̂ da formaȯ̂ do cidadô, do sujeito ativo, adulto. Esse quadro dentro da perspectiva do direito sistm̊ico, fundado na terapůtica da constelaȯ̂ familiar, construd̕a pela filosofia-psicologia de Bert Hellinger, que orienta toda a reflexô neste livro, explica que nô cabe estabelecer uma classificaȯ̂ maniques̕ta de bem e mal, haja vista que a perspectiva apontada considera que ?todos estô a serviȯ da vida?. E ainda que se possa atestar todos os malfeitos, a perspectiva sistm̊ica considera que existem os eleitos pela vida para fazerem o "serviȯ sujo". A instituiȯ̂ prisô ,̌ entô, um microcosmo da luta simbl̤ica entre grupos. Os homens colocados nos presd̕ios (a massa carcerr̀ia formada pelo homem comum, pobre) sô membros improdutivos, com diversos problemas de inserȯ̂ social, em estado, portanto, de emaranhamento e, em sendo mantidos nessas mesmas condiė̳s, nô dependerô do poder pb︢lico para se reerguerem como pessoas pertencentes s̉ condiė̳s normais da vida. 
506 1 |a Disponible solo en los productos indicados  |d vLex Global  |d vLex Global (Academic Edition, excluding Law Schools)  |d vLex Global (U.S. Academic Edition, Law Schools)  |d vLex Global (U.S. Academic Edition, excluding Law Schools)  |d vLex Global (Academic Edition, Law Schools) 
650 0 4 |a Derecho Penal  |z Brasil 
650 0 4 |a Procedimiento Penal  |z Brasil 
740 0 |a vLex Libros (Servicio en ln̕ea) 
856 4 0 |u https://app.vlex.com/#/sources/36772  |z Acceso restringido 
942 |c BOOK 
999 0 |a Criminal Law 
999 0 |a Criminal Procedure